Ocean rimmed world / (Record no. 158166)

MARC details
000 -LEADER
fixed length control field 00704nam a22002177a 4500
005 - DATE AND TIME OF LATEST TRANSACTION
control field 20181018142658.0
010 ## - LCCN (DPL NO)
LC control number ENG-124326
020 ## - INTERNATIONAL STANDARD BOOK NUMBER
International Standard Book Number 9780199483587
Terms of availability 575.00
035 ## - SYSTEM CONTROL NUMBER
System control number EN-107858
037 ## - SOURCE OF ACQUISITION
Source of stock number/acquisition DBAD/PUB
082 ## - DEWEY DECIMAL CLASSIFICATION NUMBER
Classification number N
100 ## - MAIN ENTRY--PERSONAL NAME
Personal name D'Cruz, R.N. Joe
245 ## - TITLE STATEMENT
Title Ocean rimmed world /
Statement of responsibility, etc by R.N. Joe D'Cruz; translated by G. Geetha; ed.by Mini Krishnan
260 ## - PUBLICATION, DISTRIBUTION, ETC. (IMPRINT)
Place of publication, distribution, etc New Delhi
Name of publisher, distributor, etc Oxford University Press
Date of publication, distribution, etc 2018
270 ## - ADDRESS
City New Delhi
Postal code 110002
Address 2/11 Ground Floor, Ansari Road, Daryaganj,
300 ## - PHYSICAL DESCRIPTION
Extent xxiv,568p
Dimensions 22cm.(pbk)
Other physical details ill.
500 ## - GENERAL NOTE
General note It includes glossary and about the author and the translator
700 ## - ADDED ENTRY--PERSONAL NAME
Personal name Geetha G.
700 ## - ADDED ENTRY--PERSONAL NAME
Personal name Mini Krishnan
942 ## - ADDED ENTRY ELEMENTS (KOHA)
Source of classification or shelving scheme Dewey Decimal Classification
Item type English Books
Classification part N
Call number suffix DCR
Holdings
Withdrawn status Lost status Not for loan Collection code Home library Current library Date acquired Source of acquisition Cost, normal purchase price Full call number Barcode Copy number Cost, replacement price Koha item type
    Not For Loan Fiction D.B.Act.Division Bawana 18/10/2018 DBAD/PUB 575.00 N DCR EN-107858 1 575.00 English Books

© Delhi Public Library
Hit Counter
free hit counter